000 nam a22 7a 4500
999 _c51234
_d51234
003 OSt
005 20211228095538.0
008 211228b xxu||||| |||| 00| 0 eng d
040 _csero soft
100 _aAIR
245 _aAll India Reporter
260 _aNagpur
_bAIR Nagpur
300 _a475
942 _2ddc
_c04